[Event "FIDE World Rapid Team"]
[Site "London ENG"]
[Date "2025.06.12"]
[Round "5.4"]
[White "Loftgaard, Mikkel Vinh"]
[Black "Mortazavi, Ali"]
[Result "1/2-1/2"]
[WhiteTitle "FM"]
[BlackTitle "IM"]
[WhiteElo "2243"]
[BlackElo "2333"]
[WhiteTeam "¡Ållez-Y Initiative!"]
[BlackTeam "e-therapeutics"]
[WhiteFideId "1468480"]
[BlackFideId "401323"]
[EventDate "2025.06.11"]
[EventType "team"]

1. e4 c6 2. d4 d5 3. exd5 cxd5 4. c4 Nf6 5. Nc3 g6 6. Nf3 Bg7 7. Bg5 O-O 8. Bxf6
exf6 9. cxd5 Nd7 10. Be2 Nb6 11. Qb3 a5 12. a4 Qd6 13. O-O Qb4 14. Qc2 Bd7 15.
Ra3 Rac8 16. Rb3 Qd6 17. Qd2 Rfe8 18. Bd3 f5 19. Re1 Rxe1+ 20. Qxe1 Re8 21. Qf1
Nxd5 22. Rxb7 Bc6 23. Nb5 Qb4 24. Ra7 Nf4 25. Bc4 Re7 26. Rxe7 Qxe7 27. Qe1 Be4
28. Qxa5 Bxf3 29. gxf3 Qg5+ 30. Kf1 Qg2+ 31. Ke1 Qg1+ 32. Bf1 Bf8 33. Qd2 Bb4
34. Nc3 Bd6 35. a5 Ng2+ 36. Ke2 Nf4+ 37. Ke1 Ng2+ 38. Ke2 1/2-1/2

[Event "FIDE World Rapid Team"]
[Site "London ENG"]
[Date "2025.06.12"]
[Round "5.5"]
[White "Sivanandan, Bodhana"]
[Black "Jalving, August"]
[Result "0-1"]
[WhiteTitle "WFM"]
[BlackTitle "CM"]
[WhiteElo "2109"]
[BlackElo "2306"]
[WhiteTeam "e-therapeutics"]
[BlackTeam "¡Ållez-Y Initiative!"]
[WhiteFideId "497592"]
[BlackFideId "1471759"]
[EventDate "2025.06.11"]
[EventType "team"]

1. e4 c5 2. Nf3 d6 3. Bb5+ Bd7 4. Bxd7+ Qxd7 5. c4 Nc6 6. Nc3 Nf6 7. d4 cxd4 8.
Nxd4 g6 9. f3 Bg7 10. Be3 O-O 11. O-O a6 12. Rc1 Rab8 13. Qd2 Nxd4 14. Bxd4 b5
15. cxb5 axb5 16. Kh1 Rfc8 17. Bxf6 Bxf6 18. Nd5 Rxc1 19. Nxf6+ exf6 20. Rxc1
Kg7 21. h3 Rb6 22. Qd5 b4 23. Rc4 Qa7 24. Qd4 Qxa2 25. Rxb4 Rc6 26. Kh2 Qb1 27.
Rb7 Rc1 28. Qd2 h5 29. Kg3 Rg1 30. h4 Qf1 31. Qf2 Qc1 32. Rb3 Rd1 33. Rc3 Qa1
34. Qc2 Rh1 35. Rd3 Qa5 36. Rd5 Qe1+ 37. Qf2 Qc1 38. Qd2 Qg1 39. Rxd6 Qh2+ 40.
Kf2 Qxh4+ 41. Ke2 Rg1 42. Kd3 Qh2 43. Rb6 Rxg2 44. Qc3 Qf4 45. Kc4 Qc7+ 46. Kb5
Qxc3 47. bxc3 Rb2+ 48. Ka6 Rxb6+ 49. Kxb6 h4 50. c4 h3 51. c5 h2 52. c6 h1=Q 53.
c7 Qb1+ 54. Kc6 Qc2+ 55. Kd7 Qd3+ 56. Kc6 Qxf3 57. c8=Q Qc3+ 58. Kd7 Qxc8+ 59.
Kxc8 g5 0-1

[Event "FIDE World Rapid Team"]
[Site "London ENG"]
[Date "2025.06.12"]
[Round "5.6"]
[White "McCallum, Elliot"]
[Black "Mortazavi, Sami"]
[Result "0-1"]
[WhiteElo "1924"]
[BlackElo "1805"]
[WhiteTeam "¡Ållez-Y Initiative!"]
[BlackTeam "e-therapeutics"]
[WhiteFideId "2645718"]
[BlackFideId "343443834"]
[EventDate "2025.06.11"]
[EventType "team"]

1. e4 c6 2. d4 d5 3. e5 Bf5 4. h4 c5 5. c3 Nc6 6. g4 Bd7 7. Be3 e6 8. Nf3 Qb6 9.
Qd2 h5 10. g5 cxd4 11. cxd4 Nge7 12. Nc3 Nf5 13. Bd3 g6 14. Bxf5 gxf5 15. Rg1
Rg8 16. Rd1 Na5 17. Qc2 Rc8 18. Nd2 f4 19. Bxf4 Qxd4 20. Nde4 Qxe4+ 21. Nxe4
Rxc2 22. Nf6+ Kd8 23. Nxg8 Bb5 24. Bd2 Nc4 25. Rc1 Nxd2 26. Rxc2 Nf3+ 27. Kd1
Nxg1 28. Nf6 Nf3 29. Nxh5 Nxh4 30. Nf6 Nf3 31. Nh7 Be7 32. Rc3 Nxe5 33. Kc2 d4
34. Rh3 a5 35. f4 d3+ 36. Kd1 Ng6 37. Nf6 Bxf6 38. gxf6 Kd7 39. Rh7 Ke8 40. Rh5
Bc4 41. Rxa5 Kd7 42. f5 exf5 43. Rxf5 Bxa2 44. Rb5 Kc6 45. Rb4 Be6 46. Rd4 Ne5
47. Re4 Nd7 48. Kd2 Nxf6 49. Rf4 Nd5 50. Rc4+ Kb5 51. Rd4 Nb4 52. Kc3 Nd5+ 53.
Kxd3 b6 54. Ke4 Kc5 55. Rd1 b5 56. Rc1+ Kb4 57. Kd4 Kb3 58. Rc5 b4 59. Rb5 Kxb2
60. Rb7 b3 61. Kc4 Ne3+ 62. Kd3 Nc2 63. Kd2 Kb1 64. Kc3 Ne3 65. Rb8 Kc1 66. Rb7
Nd1+ 67. Kd3 b2 0-1

[Event "FIDE World Rapid Team"]
[Site "London ENG"]
[Date "2025.06.12"]
[Round "5.1"]
[White "Derakhshani, Borna"]
[Black "Harvey, Marcus R"]
[Result "0-1"]
[WhiteTitle "FM"]
[BlackTitle "IM"]
[WhiteElo "2348"]
[BlackElo "2445"]
[WhiteTeam "Wood Green Youth"]
[BlackTeam "Wood Green"]
[WhiteFideId "12518450"]
[BlackFideId "400092"]
[EventDate "2025.06.11"]
[EventType "team"]

1. e4 e6 2. d4 d5 3. Nc3 Nf6 4. e5 Nfd7 5. f4 c5 6. Nf3 Nc6 7. Be3 a6 8. Ne2 Nb6
9. c3 Nc4 10. Bc1 Qc7 11. g3 a5 12. b3 Nb6 13. Be3 c4 14. Bg2 cxb3 15. axb3 a4
16. O-O Na5 17. bxa4 Nac4 18. Bf2 Bd7 19. a5 Rxa5 20. Rxa5 Nxa5 21. Qb1 Nac4 22.
g4 h5 23. h3 hxg4 24. hxg4 g6 25. Ng3 Na4 26. f5 gxf5 27. gxf5 exf5 28. Ne2 Bh6
29. Qb4 Rg8 30. Rb1 b5 31. Bg3 Be3+ 32. Kf1 Qd8 33. Bh4 Rg5 34. Ra1 Bc6 35. Ke1
Kd7 36. Bh3 Qh8 37. Bxg5 Qxh3 38. Qe7+ Kc8 39. Qf8+ Kb7 40. Qxf7+ Ka6 41. Qe6
Qh1+ 42. Neg1 Bxg1 43. Qxc6+ Nb6 44. Rxa4+ bxa4 45. Bd8 Bxd4+ 46. Kd2 Qg2+ 47.
Kc1 Be3+ 48. Kb1 a3 0-1

[Event "FIDE World Rapid Team"]
[Site "London ENG"]
[Date "2025.06.12"]
[Round "5.2"]
[White "Wadsworth, Matthew J"]
[Black "Balaji, Aaravamudhan"]
[Result "1/2-1/2"]
[WhiteTitle "IM"]
[BlackTitle "IM"]
[WhiteElo "2481"]
[BlackElo "2346"]
[WhiteTeam "Wood Green"]
[BlackTeam "Wood Green Youth"]
[WhiteFideId "415804"]
[BlackFideId "436224"]
[EventDate "2025.06.11"]
[EventType "team"]

1. d4 d5 2. c4 e6 3. Nf3 Nf6 4. g3 Be7 5. Bg2 O-O 6. O-O dxc4 7. Ne5 Nc6 8. Nxc6
bxc6 9. Na3 Bxa3 10. bxa3 Nd5 11. e4 Nb6 12. a4 e5 13. a5 exd4 14. axb6 axb6 15.
e5 Be6 16. Bxc6 Ra5 17. Re1 d3 18. Bd2 Rc5 19. Be4 c3 20. Be3 d2 21. Bxc5
dxe1=Q+ 22. Qxe1 bxc5 23. Qxc3 Qd4 24. Qxd4 cxd4 25. a4 Rd8 26. a5 d3 27. a6 d2
28. Bf3 Bd5 29. Bxd5 Rxd5 30. Rd1 Kf8 31. a7 Ra5 32. Rxd2 Ke7 33. f4 Rxa7 34.
Kf2 Ra3 35. Rc2 Kd7 36. Rd2+ Ke7 37. Rc2 Kd7 38. Rd2+ 1/2-1/2

[Event "FIDE World Rapid Team"]
[Site "London ENG"]
[Date "2025.06.12"]
[Round "5.3"]
[White "Haydon, David L"]
[Black "Czopor, Maciej"]
[Result "1-0"]
[WhiteTitle "FM"]
[BlackTitle "IM"]
[WhiteElo "2284"]
[BlackElo "2423"]
[WhiteTeam "Wood Green Youth"]
[BlackTeam "Wood Green"]
[WhiteFideId "415405"]
[BlackFideId "21805431"]
[EventDate "2025.06.11"]
[EventType "team"]

1. Nf3 Nf6 2. e3 g6 3. c4 Bg7 4. Nc3 O-O 5. b3 d6 6. Qc2 e5 7. Bb2 Re8 8. d3 Nc6
9. Rd1 d5 10. cxd5 Nb4 11. Qb1 Nfxd5 12. Nxd5 Nxd5 13. Be2 a5 14. a3 b6 15. O-O
Ba6 16. Qc2 Qd6 17. d4 Bxe2 18. Qxe2 e4 19. Ne5 f6 20. Nc4 Qe6 21. a4 Rad8 22.
Rc1 Nb4 23. Bc3 Nd3 24. Rc2 f5 25. f4 h6 26. g3 Kh7 27. Kg2 Rg8 28. Bd2 Rd7 29.
h4 Rgd8 30. Bc3 Bf8 31. Rb1 c5 32. Ne5 Nxe5 33. fxe5 cxd4 34. exd4 Bb4 35. Ba1
g5 36. hxg5 Qg6 37. Rh1 Qxg5 38. Rc6 Rg7 39. Rcxh6+ Qxh6 40. Rxh6+ Kxh6 41. Qe3+
Kg6 42. Qf4 Be7 43. e6 Bd6 44. Qc1 Rc7 45. Qd1 Rdc8 46. d5 Rc2+ 47. Kh3 e3 48.
Qd4 Rg8 49. Qf6+ Kh5 50. Qxf5+ Kh6 51. Qxc2 Rxg3+ 52. Kh4 Rg1 53. Qe4 Be7+ 54.
Kh3 Rxa1 55. Qxe3+ Kg6 56. Qe4+ Kh6 57. Qf4+ Bg5 58. Qf8+ Kh5 59. Qh8+ 1-0

[Event "FIDE World Rapid Team"]
[Site "London ENG"]
[Date "2025.06.12"]
[Round "5.4"]
[White "Willow, Jonah B"]
[Black "Waldhausen Gordon, Frederick"]
[Result "1-0"]
[WhiteTitle "IM"]
[BlackTitle "FM"]
[WhiteElo "2470"]
[BlackElo "2395"]
[WhiteTeam "Wood Green"]
[BlackTeam "Wood Green Youth"]
[WhiteFideId "438804"]
[BlackFideId "2409143"]
[EventDate "2025.06.11"]
[EventType "team"]

1. e4 e5 2. Nf3 Nc6 3. Bb5 a6 4. Ba4 Nf6 5. O-O Be7 6. Bxc6 dxc6 7. d3 Bd6 8. h3
O-O 9. Bg5 h6 10. Bh4 c5 11. Nbd2 Be6 12. Re1 g5 13. Bg3 Nd7 14. Nc4 Qf6 15. Nh2
Qg6 16. Ng4 f6 17. Nge3 Rad8 18. a4 Nb8 19. Qf3 Nc6 20. c3 h5 21. Nf5 g4 22.
hxg4 hxg4 23. Qd1 Kf7 24. Nce3 Rh8 25. Qxg4 Qxg4 26. Nxg4 Bxf5 27. exf5 Ne7 28.
Ne3 Rh5 29. Kf1 Nxf5 30. Nxf5 Rxf5 31. Ke2 Rh5 32. Rh1 Rdh8 33. Rxh5 Rxh5 34. c4
a5 35. f3 Rg5 36. Kf2 f5 37. Rh1 f4 38. Rh7+ Kg6 39. Bh4 Rh5 40. Rxh5 Kxh5 41.
Bd8 Kg6 42. Kg1 Kh6 43. Kh2 Kg6 44. Kh3 Kh5 45. Bh4 Bf8 46. Bf6 Bd6 47. Bd8 Kh6
48. Kh4 b6 49. b3 Kg6 50. Kg4 Kh6 51. Kf5 Kh5 52. Bf6 1-0

[Event "FIDE World Rapid Team"]
[Site "London ENG"]
[Date "2025.06.12"]
[Round "5.5"]
[White "Camp, Imogen A L"]
[Black "Kueh, Audrey"]
[Result "0-1"]
[WhiteTitle "WCM"]
[BlackTitle "WFM"]
[WhiteElo "1915"]
[BlackElo "2054"]
[WhiteTeam "Wood Green Youth"]
[BlackTeam "Wood Green"]
[WhiteFideId "1802240"]
[BlackFideId "421596"]
[EventDate "2025.06.11"]
[EventType "team"]

1. d4 Nf6 2. Bf4 e6 3. Nf3 c5 4. c3 b6 5. Nbd2 Bb7 6. Qc2 cxd4 7. cxd4 Bb4 8. a3
Be4 9. Qa4 Be7 10. Nxe4 Nxe4 11. e3 O-O 12. Bd3 f5 13. h4 d6 14. Bb5 a6 15. Be2
Qd7 16. Qb3 Nc6 17. d5 Na5 18. Qxb6 Rfb8 19. dxe6 Rxb6 20. exd7 Rxb2 21. Rc1 Rd8
22. Bxa6 Nxf2 23. Rf1 Ne4 24. Bc8 Nb3 25. Rd1 Nc3 26. Ba6 Nxd1 27. Kxd1 Rxd7 28.
Ke1 Rc7 29. e4 fxe4 30. Ng5 Rb1+ 31. Kf2 Rc2+ 32. Kg1 Rxf1+ 33. Kxf1 d5 34. Bb7
Nd2+ 35. Ke1 Bxg5 36. Bxg5 Nc4 37. Bxd5+ Kf8 38. Bxe4 Ra2 39. Bxh7 Nxa3 40. Kf1
Nc4 41. Kg1 Ne5 42. Be4 Ng4 43. Kf1 Nf6 44. Bf3 Kf7 45. Kg1 Kg6 46. Kh2 Ra4 47.
Kh3 Kf5 48. Bxf6 gxf6 49. h5 Kf4 50. Kh2 Kg5 51. Kg3 f5 52. Kf2 f4 53. Ke2 Ra3
54. Kd2 Re3 55. Kd1 Rxf3 56. gxf3 Kxh5 57. Kd2 Kh4 58. Kd3 Kh3 59. Kd4 Kg2 60.
Ke4 Kg3 0-1

[Event "FIDE World Rapid Team"]
[Site "London ENG"]
[Date "2025.06.12"]
[Round "5.6"]
[White "Gamal, Alaa"]
[Black "Ivanov, Elizabeth"]
[Result "1-0"]
[WhiteElo "1831"]
[BlackElo "1738"]
[WhiteTeam "Wood Green"]
[BlackTeam "Wood Green Youth"]
[WhiteFideId "469114"]
[BlackFideId "427284"]
[EventDate "2025.06.11"]
[EventType "team"]

1. d4 f5 2. c4 e6 3. Nc3 Bb4 4. Bd2 Bxc3 5. Bxc3 Nf6 6. f3 O-O 7. Nh3 b6 8. Nf2
Bb7 9. Qc2 d5 10. e3 dxc4 11. Bxc4 Bd5 12. Be2 Nbd7 13. Nd3 Qe8 14. b4 Nh5 15.
b5 Qg6 16. Rg1 Qg5 17. Bd2 Qh4+ 18. g3 Qxh2 19. Rf1 Nxg3 20. Rf2 Qh1+ 21. Bf1
Bxf3 22. Qxc7 Nf6 23. Qxg3 Be4 24. Rh2 Qf3 25. Qxf3 Bxf3 26. Ne5 Be4 27. Rc1
Rac8 28. Bc4 Nd5 29. Bxd5 Bxd5 30. Nc6 Bxc6 31. bxc6 g5 32. Bb4 Rf7 33. Bd6 Kg7
34. Be5+ Kg6 35. c7 h5 36. Rc6 Re7 37. Rhc2 Kf7 38. Kf2 h4 39. Kg2 g4 40. a4 Rd7
41. a5 1-0

[Event "FIDE World Rapid Team"]
[Site "London ENG"]
[Date "2025.06.12"]
[Round "5.1"]
[White "Hansen, Eric"]
[Black "Fernandez, Daniel Howard"]
[Result "1/2-1/2"]
[WhiteTitle "GM"]
[BlackTitle "GM"]
[WhiteElo "2609"]
[BlackElo "2484"]
[WhiteTeam "ChessbrahTV"]
[BlackTeam "English Knightmares"]
[WhiteFideId "2606771"]
[BlackFideId "5801605"]
[EventDate "2025.06.11"]
[EventType "team"]

1. e4 c5 2. Nf3 d6 3. Bb5+ Nd7 4. Ba4 g6 5. O-O Bg7 6. c3 a6 7. d4 b5 8. Bb3 Bb7
9. Re1 e5 10. a4 Ngf6 11. axb5 axb5 12. Rxa8 Bxa8 13. Na3 Qb8 14. dxe5 dxe5 15.
c4 b4 16. Nb5 Ke7 17. Bc2 Rd8 18. Be3 Ne8 19. Nd2 Nc7 20. Nxc7 Qxc7 21. Nb3 Kf8
22. Qa1 Bf6 23. f3 Kg7 24. Qc1 Bb7 25. Rd1 Be7 26. Rd2 Ba6 27. Bd1 Ra8 28. Be2
Nf8 29. Qd1 Bb7 30. Bf1 h6 31. Rd3 Ba6 32. Rd5 Bb7 33. Rd3 Ba6 34. Rd5 Bb7 35.
Rxc5 Bxc5 36. Nxc5 Bc8 37. Qd2 h5 38. Qxb4 Ne6 39. Nxe6+ Bxe6 40. Qc3 f6 41. c5
Qd7 42. Be2 h4 43. Kf2 Qc6 44. Qb4 Ra2 45. Bf1 Bc8 46. Bc4 Ra4 47. Qb3 Ra1 48.
Qc3 Ba6 49. Qb3 Rb1 50. Be2 Bxe2 51. Kxe2 Qa6+ 52. Kd2 g5 53. Kc2 Rh1 54. Qd3
Qa4+ 55. Qb3 Qa6 56. Qd3 Qa4+ 57. Qb3 Qa6 58. Qd3 1/2-1/2

[Event "FIDE World Rapid Team"]
[Site "London ENG"]
[Date "2025.06.12"]
[Round "5.2"]
[White "Shearsby, Jude"]
[Black "Ragnarsson, Dagur"]
[Result "1/2-1/2"]
[WhiteTitle "CM"]
[BlackTitle "IM"]
[WhiteElo "2160"]
[BlackElo "2349"]
[WhiteTeam "English Knightmares"]
[BlackTeam "ChessbrahTV"]
[WhiteFideId "462527"]
[BlackFideId "2304058"]
[EventDate "2025.06.11"]
[EventType "team"]

1. e4 e5 2. Nf3 Nf6 3. Nxe5 d6 4. Nf3 Nxe4 5. Nc3 Nxc3 6. dxc3 Be7 7. Be3 Nd7 8.
Qd2 Ne5 9. Be2 Be6 10. Nd4 Qd7 11. Nxe6 Qxe6 12. O-O O-O 13. Rfe1 Rfe8 14. Bd4
Qg6 15. Bxe5 dxe5 16. Bf3 Bg5 17. Qd5 c6 18. Qd3 f5 19. g3 Qf7 20. Bg2 Rad8 21.
Qf1 h5 22. a4 h4 23. Rad1 hxg3 24. hxg3 e4 25. Qe2 Rd5 26. Qc4 Red8 27. Rxd5
cxd5 28. Qd4 b6 29. Rd1 f4 30. Qe5 Qf6 31. Qxf6 Bxf6 32. gxf4 Kf7 33. c4 dxc4
34. Rxd8 Bxd8 35. Bxe4 Ke6 36. Kg2 Kd6 37. Kf3 Kc5 38. c3 a6 39. Bb7 a5 40. Ba6
Bf6 41. Bb5 Bh4 42. Ba6 Bf6 43. Bb5 Bh4 1/2-1/2

[Event "FIDE World Rapid Team"]
[Site "London ENG"]
[Date "2025.06.12"]
[Round "5.3"]
[White "Delaney, Killian"]
[Black "Banerjee, Supratit"]
[Result "0-1"]
[WhiteTitle "FM"]
[BlackTitle "FM"]
[WhiteElo "2275"]
[BlackElo "2311"]
[WhiteTeam "ChessbrahTV"]
[BlackTeam "English Knightmares"]
[WhiteFideId "2501570"]
[BlackFideId "2410079"]
[EventDate "2025.06.11"]
[EventType "team"]

1. e4 g6 2. d4 Bg7 3. Nc3 d6 4. f4 Nf6 5. Nf3 O-O 6. e5 dxe5 7. fxe5 Nd5 8. Bc4
Nb6 9. Bb3 c5 10. dxc5 Qxd1+ 11. Nxd1 N6d7 12. e6 Nxc5 13. exf7+ Kh8 14. Be3
Nxb3 15. axb3 Nc6 16. c3 Rxf7 17. b4 b5 18. O-O e5 19. Nf2 Bf5 20. g4 Bc8 21.
Ng5 Rf8 22. h3 h6 23. Nge4 Be6 24. Rfd1 Rfd8 25. Nd6 Nd4 26. Ra6 Ne2+ 27. Kf1
Nf4 28. Rda1 Rf8 29. Bxf4 Rxf4 30. Ke2 Raf8 31. Nfe4 Bd5 32. Ke3 Rf3+ 33. Ke2
Rxh3 34. Rxa7 Rf4 35. Rf1 Bxe4 36. Rxf4 Bd3+ 37. Kf2 exf4 38. Ne8 Be5 39. Re7
Re3 40. Rd7 Kg8 0-1

[Event "FIDE World Rapid Team"]
[Site "London ENG"]
[Date "2025.06.12"]
[Round "5.4"]
[White "Badacsonyi, Frankie"]
[Black "Vincent, Trevor"]
[Result "1/2-1/2"]
[WhiteTitle "FM"]
[WhiteElo "2189"]
[BlackElo "2226"]
[WhiteTeam "English Knightmares"]
[BlackTeam "ChessbrahTV"]
[WhiteFideId "460400"]
[BlackFideId "2605600"]
[EventDate "2025.06.11"]
[EventType "team"]

1. d4 Nf6 2. c4 g6 3. Nc3 d5 4. Bf4 Bg7 5. e3 O-O 6. Rc1 c6 7. cxd5 Nxd5 8. Nxd5
Qxd5 9. a3 Qa5+ 10. Qd2 Qxd2+ 11. Kxd2 Rd8 12. Nf3 Nd7 13. Bc7 Re8 14. Bc4 Nb6
15. Ba2 Nd5 16. Be5 f6 17. Bg3 Be6 18. e4 Bh6+ 19. Kc2 Bxc1 20. exd5 Bxd5 21.
Bxd5+ cxd5 22. Kxc1 Rac8+ 23. Kd2 Rc6 24. Rc1 Rec8 25. Rxc6 Rxc6 26. Ne1 Rc4 27.
Nc2 Kf7 28. Bb8 a6 29. Ba7 Rc8 30. Nb4 e6 31. Nd3 Rc6 32. Bc5 Ke8 33. Bb4 b6 34.
Bc3 Rc7 35. f4 Kd7 36. Nf2 Ke7 37. Bb4+ Kf7 38. Nd1 Rc4 39. Bc3 Rc8 40. Ne3 Rc6
41. Nc2 Rc8 42. Nb4 Ra8 43. g4 h6 44. Nd3 Rc8 45. Nb4 Ra8 46. Nc2 Rc8 47. Ne3
Rg8 48. h4 Rc8 49. Nc2 Rd8 50. Nb4 Ra8 51. Nd3 Rh8 52. Nb4 Ra8 1/2-1/2

[Event "FIDE World Rapid Team"]
[Site "London ENG"]
[Date "2025.06.12"]
[Round "5.5"]
[White "Garcia Martin, Marta"]
[Black "Hng, Mei-En Emmanuelle"]
[Result "1/2-1/2"]
[WhiteTitle "IM"]
[BlackTitle "WFM"]
[WhiteElo "2339"]
[BlackElo "2136"]
[WhiteTeam "ChessbrahTV"]
[BlackTeam "English Knightmares"]
[WhiteFideId "32084030"]
[BlackFideId "5804566"]
[EventDate "2025.06.11"]
[EventType "team"]

1. e4 c5 2. Nf3 e6 3. c3 Nf6 4. e5 Nd5 5. d4 Nc6 6. c4 Ndb4 7. a3 Qa5 8. Bd2
Nxd4 9. Nxd4 cxd4 10. f4 d3 11. axb4 Qxa1 12. Bc3 d2+ 13. Kf2 a5 14. bxa5 Bc5+
15. Kg3 Rxa5 16. b4 Ra3 17. bxc5 Rxc3+ 18. Nxc3 Qxc3+ 19. Kf2 Qd4+ 20. Kf3 b6
21. c6 dxc6 22. Be2 O-O 23. Qb3 f6 24. exf6 Rxf6 25. Qe3 Qd8 26. Rd1 c5 27. Rxd2
Bb7+ 28. Kf2 Qc7 29. g3 e5 30. Bg4 Rf8 31. Rd7 Qb8 32. Be6+ Kh8 33. f5 Bc8 34.
Rf7 Rxf7 35. Bxf7 Bxf5 36. Qg5 Be4 37. Qe7 Bc6 38. h4 Qa8 39. Qxe5 Qa2+ 40. Ke1
Qb1+ 41. Kd2 Qa2+ 42. Ke1 Qa5+ 43. Ke2 Qa2+ 44. Ke1 Qa5+ 45. Ke2 Qa2+ 46. Ke3
Qb3+ 47. Kd2 Qa2+ 48. Ke1 Qa5+ 49. Ke2 Qa2+ 50. Ke1 Qa5+ 51. Ke2 1/2-1/2

[Event "FIDE World Rapid Team"]
[Site "London ENG"]
[Date "2025.06.12"]
[Round "5.6"]
[White "Jain, Gautam"]
[Black "Stojsin, Nikola"]
[Result "1-0"]
[WhiteElo "1979"]
[BlackElo "1716"]
[WhiteTeam "English Knightmares"]
[BlackTeam "ChessbrahTV"]
[WhiteFideId "425311"]
[BlackFideId "39923894"]
[EventDate "2025.06.11"]
[EventType "team"]

1. d4 Nf6 2. c4 g6 3. Nc3 Bg7 4. e4 d6 5. f3 O-O 6. Be3 Nc6 7. Qd2 a6 8. O-O-O
e5 9. d5 Nb8 10. h4 h5 11. Nh3 b5 12. Nf2 b4 13. Ne2 a5 14. Bg5 Qd7 15. Kb1 Ba6
16. Nc1 Qa4 17. g4 Nbd7 18. Rg1 Nc5 19. Bxf6 Bxf6 20. gxh5 Kg7 21. Ng4 Bxh4 22.
Qh6+ Kg8 23. hxg6 fxg6 24. Qxg6+ 1-0

[Event "FIDE World Rapid Team"]
[Site "London ENG"]
[Date "2025.06.12"]
[Round "5.1"]
[White "Khoury, Theo"]
[Black "Rakotomaharo, Fy Antenaina"]
[Result "1-0"]
[WhiteTitle "CM"]
[BlackTitle "IM"]
[WhiteElo "2209"]
[BlackElo "2441"]
[WhiteTeam "Chess Trust Accelerators"]
[BlackTeam "Mother Continent"]
[WhiteFideId "480703"]
[BlackFideId "13100050"]
[EventDate "2025.06.11"]
[EventType "team"]

1. e4 e5 2. Nf3 Nc6 3. Bc4 Nf6 4. d3 Bc5 5. O-O d6 6. c3 Bb6 7. Bb3 O-O 8. Nbd2
Ne7 9. Re1 Ng6 10. Nf1 c6 11. d4 exd4 12. cxd4 Bg4 13. Ng3 h6 14. Qd3 Bxf3 15.
gxf3 Nh4 16. Kh1 Qd7 17. Rg1 Kh8 18. Bf4 Rae8 19. Bc2 Ng6 20. Be3 Qh3 21. Qf1
Qxf1 22. Rgxf1 Nh4 23. f4 Re7 24. f3 Nd5 25. Bd2 Nc7 26. Ne2 Nf5 27. e5 Nh4 28.
Be1 g5 29. fxg5 hxg5 30. f4 Ng6 31. f5 Nh4 32. Bxh4 gxh4 33. f6 1-0

[Event "FIDE World Rapid Team"]
[Site "London ENG"]
[Date "2025.06.12"]
[Round "5.2"]
[White "Wanyama, Harold"]
[Black "Verbytski, Oleg"]
[Result "0-1"]
[WhiteTitle "FM"]
[WhiteElo "2143"]
[BlackElo "1994"]
[WhiteTeam "Mother Continent"]
[BlackTeam "Chess Trust Accelerators"]
[WhiteFideId "10000380"]
[BlackFideId "495506"]
[EventDate "2025.06.11"]
[EventType "team"]

1. d4 d5 2. c4 e6 3. g3 Nf6 4. Bg2 Be7 5. Nf3 O-O 6. O-O dxc4 7. Qc2 a6 8. a4
Bd7 9. Bg5 Bc6 10. Qxc4 Nbd7 11. a5 h6 12. Bc1 Bd5 13. Qc2 c5 14. dxc5 Bxc5 15.
Nc3 Rc8 16. e4 Bc6 17. Rd1 Qe7 18. Nd4 Bxd4 19. Rxd4 Nc5 20. f3 e5 21. Rd1 Bd7
22. Be3 Be6 23. Qf2 Nb3 24. Ra3 Rfd8 25. Nd5 Nxd5 26. exd5 Rxd5 27. Re1 Nxa5 28.
f4 Rb5 29. f5 Bd7 30. Rd3 Bc6 31. Bh3 Qf6 32. Red1 Nc4 33. Bc1 e4 34. Rc3 Ne5
35. Be3 Nd3 36. Rdxd3 exd3 37. Bd4 Qg5 38. Rxd3 Be4 39. Rd2 Rc1+ 40. Bf1 Rxf5 0-1

[Event "FIDE World Rapid Team"]
[Site "London ENG"]
[Date "2025.06.12"]
[Round "5.3"]
[White "Dicen, Elis Denele"]
[Black "George Samir, David"]
[Result "0-1"]
[WhiteTitle "WFM"]
[BlackTitle "FM"]
[WhiteElo "2136"]
[BlackElo "2356"]
[WhiteTeam "Chess Trust Accelerators"]
[BlackTeam "Mother Continent"]
[WhiteFideId "462560"]
[BlackFideId "10657789"]
[EventDate "2025.06.11"]
[EventType "team"]

1. d4 Nf6 2. Bf4 d5 3. e3 c5 4. Nf3 Nc6 5. Nbd2 Nh5 6. dxc5 Nxf4 7. exf4 g6 8.
g3 Qa5 9. Bg2 Qxc5 10. O-O Bg7 11. c3 O-O 12. Nb3 Qd6 13. Re1 Bd7 14. Qd2 Rad8
15. Nbd4 a6 16. Rad1 Qc7 17. Nxc6 Bxc6 18. Ne5 Rfe8 19. Re3 e6 20. Rde1 Qb6 21.
Rd1 Bb5 22. Nf3 a5 23. Nd4 Ba6 24. Rde1 Qc5 25. h4 b5 26. Bf1 Qb6 27. a3 b4 28.
Bxa6 bxc3 29. bxc3 Qxa6 30. Qd1 h5 31. f5 e5 32. Nf3 e4 33. Nd4 Qc8 34. fxg6
fxg6 35. Qb3 Kh7 36. a4 Qc5 37. Qb5 Bxd4 38. cxd4 Qxd4 39. Qxa5 Qf6 40. Qc7+ Qe7
41. Qc6 Rf8 42. Rd1 Qf7 43. Re2 Qf3 44. Rde1 Rf7 45. a5 e3 46. Rxe3 Qxf2+ 47.
Kh1 d4 48. Re7 Rf8 49. Qd5 Kh8 50. Qe5+ Kg8 51. Qe6 Qxg3 52. Rxf7 Qxh4+ 53. Kg1
Qg3+ 54. Kh1 Rxf7 55. Qe8+ Kg7 56. a6 Qf3+ 57. Kg1 Qg4+ 58. Kh1 Qh4+ 59. Kg1
Qg5+ 60. Kh1 Qd5+ 61. Kg1 d3 62. a7 Qc5+ 63. Kh1 Qxa7 64. Qe5+ Kh7 65. Rg1 Qb7+
66. Rg2 d2 67. Qd6 Qb1+ 68. Rg1 Qe4+ 69. Rg2 Rf1+ 70. Kh2 Qh4# 0-1

[Event "FIDE World Rapid Team"]
[Site "London ENG"]
[Date "2025.06.12"]
[Round "5.4"]
[White "Mhango, Banele"]
[Black "Zhao, George"]
[Result "1-0"]
[WhiteTitle "FM"]
[BlackTitle "CM"]
[WhiteElo "2236"]
[BlackElo "2124"]
[WhiteTeam "Mother Continent"]
[BlackTeam "Chess Trust Accelerators"]
[WhiteFideId "14327040"]
[BlackFideId "494607"]
[EventDate "2025.06.11"]
[EventType "team"]

1. d4 e6 2. Nf3 Nf6 3. g3 c5 4. Bg2 Nc6 5. O-O d5 6. c4 dxc4 7. Qa4 Bd7 8. dxc5
Bxc5 9. Qxc4 Be7 10. Nc3 O-O 11. Rd1 Rc8 12. Bf4 e5 13. Bg5 Nd4 14. Qd3 Bf5 15.
Qe3 Ng4 16. Qd2 Nxf3+ 17. exf3 Bxg5 18. Qe2 Qb6 19. fxg4 Be6 20. Bd5 Bf6 21. Ne4
Be7 22. Rd3 h6 23. Rad1 Rfd8 24. Kg2 Bxd5 25. Rxd5 Rxd5 26. Rxd5 Qe6 27. Qd1 Rc4
28. Qd3 Rc7 29. h3 b6 30. Nc3 Rc8 31. Qf5 Rxc3 32. Qxe6 fxe6 33. Rd7 Rc2 34.
Rxe7 a5 35. b3 Rc6 36. Rb7 e4 37. a4 Kh7 38. h4 Kg6 39. Kf1 Kf6 40. Ke2 Rc2+ 41.
Ke1 Rc6 42. Kd2 Kg6 43. Rd7 Kf6 44. h5 Rc5 45. Rb7 Rc6 46. Kd1 Rd6+ 47. Ke2 Rc6
48. Kf1 g6 49. hxg6 Kxg6 50. Kg2 Kg5 51. Kh3 Kg6 52. Rb8 Rd6 53. Kg2 Rc6 54. Kf1
Kg5 55. Rg8+ Kf6 56. Rf8+ Kg5 57. Rf4 Rc3 58. Rxe4 Rxb3 59. Rxe6 Rb4 60. f3 Rb1+
61. Kg2 h5 62. Re5+ Kg6 63. gxh5+ Kf6 64. Re4 Rb4 65. Kf2 Rb2+ 66. Ke3 Rb3+ 67.
Kf4 Rb2 68. g4 Rb3 69. g5+ Kg7 70. Re7+ Kf8 71. Rb7 Rb4+ 72. Kf5 Rxa4 73. h6 Rh4
74. Rxb6 a4 75. Ra6 a3 76. Rxa3 Rb4 77. Ra7 Rb5+ 78. Kg6 Rb6+ 79. Kh7 Rd6 80. g6 1-0